[Event "Moscow VAO IM 04"]
[Site "Moscow"]
[Date "2014.04.??"]
[Round "9"]
[White "Golubev, Roman"]
[Black "Semenov, Rinat"]
[Result "1-0"]
[WhiteElo "2289"]
[BlackElo "2239"]
[PlyCount "65"]
[EventDate "2014.04.16"]
[EventType "tourn"]
[EventRounds "13"]
[EventCountry "RUS"]
[SourceTitle "EXT 2015"]
[Source "ChessBase"]
[SourceDate "2014.11.20"]
[SourceVersion "1"]
[SourceVersionDate "2014.11.20"]
[SourceQuality "1"]

1. e4 c5 2. Nf3 d6 3. d4 cxd4 4. Nxd4 Nc6 5. Nc3 Nf6 6. Bg5 Qa5 7. Bxf6 gxf6 8. Nb3 Qd8 9. Qh5 a6 10. 0-0-0 b5 11. f4 b4 12. Nd5 e6 13. Ne3 Qb6 14. Nc4 Qc7 15. f5 Ne5 16. Ne3 Bd7 17. Nd4 Kd8 18. g3 Be7 19. Kb1 Qb7 20. Bg2 Rc8 21. Rhe1 Rc5 22. Bh3 Qc8 23. Ng2 Rf8 24. Nf4 Nc4 25. Nb3 Re5 26. Qxh7 exf5 27. Nd5 a5 28. Nd4 fxe4 29. Bxd7 Qxd7 30. Nxe7 Kxe7 31. Rxe4 Qb7 32. Nf5+ Ke6 33. Ng7+ 1-0

[Event "Moscow VAO IM 04"]
[Site "Moscow"]
[Date "2014.04.??"]
[Round "3"]
[White "Rozanov, Pavel B"]
[Black "Semenov, Rinat"]
[Result "1-0"]
[WhiteElo "2238"]
[BlackElo "2239"]
[PlyCount "102"]
[EventDate "2014.04.16"]
[EventType "tourn"]
[EventRounds "13"]
[EventCountry "RUS"]
[SourceTitle "EXT 2015"]
[Source "ChessBase"]
[SourceDate "2014.11.20"]
[SourceVersion "1"]
[SourceVersionDate "2014.11.20"]
[SourceQuality "1"]

1. e4 e6 2. d4 d5 3. Nc3 Nf6 4. e5 Nfd7 5. f4 c5 6. Nf3 Nc6 7. Be3 a6 8. Qd2 b5 9. dxc5 Bxc5 10. Ne2 Bxe3 11. Qxe3 Qe7 12. 0-0-0 Bb7 13. h4 0-0-0 14. Ned4 Nxd4 15. Nxd4 Kb8 16. h5 Nc5 17. Kb1 f5 18. Be2 Ne4 19. a4 bxa4 20. Bxa6 Rc8 21. Bd3 Qc5 22. Rde1 Qb6 23. Bxe4 fxe4 24. Qa3 Rc4 25. c3 Rhc8 26. Re3 R8c5 27. Rg3 Bc8 28. Ka1 Rc7 29. Rb1 Ra7 30. Qf8 Rcc7 31. Rg4 Re7 32. Rh4 Rec7 33. g3 Rab7 34. Rhh1 Re7 35. Rhd1 Rbc7 36. Nc2 Rf7 37. Qg8 Qf2 38. Nb4 Kb7 39. Qe8 Qb6 40. Rd4 Rfe7 41. Qf8 Qc5 42. Nc2 Qa5 43. Rb4+ Ka7 44. Nd4 Ka6 45. Ka2 Qc5 46. Rxa4+ Kb6 47. Qd8 Red7 48. Qe8 Re7 49. Qd8 Red7 50. Qg8 Rf7 51. Rb4+ Ka6 1-0

[Event "Moscow 08"]
[Site "Moscow"]
[Date "2014.02.24"]
[Round "6"]
[White "Glek, Igor Vladimirovich"]
[Black "Semenov, Rinat"]
[Result "1/2-1/2"]
[WhiteElo "2464"]
[BlackElo "2265"]
[PlyCount "40"]
[EventDate "2014.02.19"]
[EventType "tourn"]
[EventRounds "9"]
[EventCountry "RUS"]
[EventCategory "2"]
[SourceTitle "EXT 2016"]
[Source "ChessBase"]
[SourceDate "2015.10.08"]
[SourceVersion "1"]
[SourceVersionDate "2015.10.08"]
[SourceQuality "1"]

1. e4 e5 2. Nf3 Nc6 3. Bb5 a6 4. Ba4 Nf6 5. d3 b5 6. Bb3 Be7 7. 0-0 0-0 8. a4 Bb7 9. Nc3 b4 10. Nd5 Na5 11. Nxf6+ Bxf6 12. Ba2 c5 13. Bd2 Qc7 14. c3 bxc3 15. Bxc3 Nc6 16. Nd2 Ne7 17. Bc4 g6 18. Re1 Bg7 19. Nf1 Kh8 20. Ne3 f5 1/2-1/2

[Event "Tambov Korensky Memorial 21st"]
[Site "Tambov"]
[Date "2012.08.18"]
[Round "1"]
[White "Semenov, Rinat"]
[Black "Lomakina, Galja"]
[Result "1/2-1/2"]
[WhiteElo "2266"]
[BlackElo "2063"]
[PlyCount "129"]
[EventDate "2012.08.18"]
[EventType "swiss"]
[EventRounds "9"]
[EventCountry "RUS"]
[SourceTitle "CBM 150 Extra"]
[Source "ChessBase"]
[SourceDate "2012.10.19"]
[SourceVersion "1"]
[SourceVersionDate "2012.10.19"]
[SourceQuality "1"]

1. d4 g6 2. c4 Bg7 3. Nc3 Nf6 4. e4 d6 5. Be2 0-0 6. Nf3 c5 7. 0-0 Na6 8. h3 b6 9. d5 Nc7 10. Bf4 a6 11. a4 Rb8 12. e5 Nfe8 13. Bd3 Bb7 14. Re1 b5 15. axb5 axb5 16. b3 e6 17. Be4 exd5 18. Nxd5 Ne6 19. Bg3 dxe5 20. Bxe5 Bxe5 21. Nxe5 Nd6 22. Nc3 Bxe4 23. Nxe4 Nxe4 24. Rxe4 Ra8 25. cxb5 Nd4 26. Rc1 Qd5 27. Re3 Rfd8 28. Nc4 Ra2 29. Qf1 Nxb5 30. Re2 Rxe2 31. Qxe2 Nd4 32. Qd3 Re8 33. Rd1 Rb8 34. Rb1 Qf5 35. Qxf5 Nxf5 36. Nd2 Nd4 37. Kf1 f5 38. Rc1 Rb5 39. f4 Kf8 40. Rc4 Ke7 41. b4 Rxb4 42. Rxc5 Ne6 43. Rc4 Rxc4 44. Nxc4 Nxf4 45. Kf2 Ke6 46. Kf3 Nd3 47. Ne3 g5 48. g3 h6 49. Ng2 Ne5+ 50. Ke3 Kd5 51. h4 Ng4+ 52. Kf3 Kd4 53. hxg5 hxg5 54. Ne1 Ne5+ 55. Kg2 Ke4 56. Kf1 Nf3 57. Ng2 Nd4 58. Kf2 Nc2 59. Ke2 Nb4 60. Ne1 Nc6 61. Kf2 Nd4 62. Ng2 Nf3 63. Ke2 Ne5 64. Kf2 Ng4+ 65. Ke2 1/2-1/2